Séries : texto programado com 200 exercícios (Registo nº 199826)
[ vista simples ]
| 000 -Etiqueta do registo | |
|---|---|
| Valores | 00673nam 22002053 4500 |
| 021 ## - Número do Depósito Legal | |
| Código do país | Portugal |
| Número | 99482/96 |
| 100 ## - Dados gerais de processamento | |
| Dados gerais | 20260112d u||y0pory50 ba |
| 200 ## - Titulo e menção de responsabilidade | |
| Título próprio | Séries : texto programado com 200 exercícios |
| Primeira menção de responsabilidade | lições do professor J. M. Quadros e Costa |
| Outras menções de responsabilidade | colaboração de João Sanches |
| 210 ## - Publicação | |
| Local de publicação | [Lisboa] |
| Nome do editor | Instituto Superior Damião de Goes |
| Data de publicação | D.L. 1996 |
| 215 ## - Descrição física | |
| Paginação / Volumes | [V], 222, [16] p. |
| Outras indicações físicas | brochado |
| Dimensões | 21 cm |
| 225 ## - Colecção | |
| Título próprio da colecção | Universitária |
| Número de parte ou secção | 1 |
| 606 ## - Nome comum usado como assunto | |
| ID Autoridade | 1432 |
| Palavra de ordem | Matemática |
| 675 ## - CDU | |
| Notação | 51 |
| Edição | PT |
| Língua | por |
| 700 ## - Autor principal (pessoa individual) | |
| ID Autoridade | 15647 |
| Apelido | Costa |
| Nome | J. M. Quadros e |
| 702 ## - Autor secundário (pessoa individual) | |
| ID Autoridade | 15648 |
| Apelido | Sanches |
| Nome | João |
| 801 ## - Fonte de origem | |
| País | PT |
| Agência | BMMN |
| Regras de catalogação | RPC |
| 830 ## - Notas gerais do catalogador | |
| Criado por | Vanda |
| 990 ## - Elementos KOHA | |
| Tipo de documento | Livro |
| Situação do levantamento | Biblioteca de origem | Código de barras | Cota | Permissão de empréstimo | Tipo de documento | Forma de aquisição |
|---|---|---|---|---|---|---|
| Biblioteca Municipal de Montemor-o-Novo | 28849 | 51 COS|DEP | Livro | Compra |